000 00720nam a2200241Ia 4500
003 OSt
005 20220918182354.0
006 a|||||r|||| 00| 0
007 ta
008 220917b |||||||| |||| 00| 0 eng d
024 _a32,139
037 _cTextual
040 _aARTS
_cARTS
_beng
041 _2eng
_aeng
082 _aO-,1L92:g, W4E7 (=)
100 _aGarnett R S ed
_960126
245 0 _aLetters about Shelley interchanged by three friends-Edward Dowden, Richard Garnett and W Michael Rossetti
260 _aNew York
_bAMS Press
_c1971
300 _a271p.
_ccm.
650 _aENGLISH LITERATURE
942 _hO-,1L92:g, W4E7 (=)
_cTEXL
_2CC
999 _c168724
_d168724